000 00265nam a22001097a 4500
008 240711b |||||||| |||| 00| 0 eng d
100 _aVasvani, Fatehchand
_916847
245 _aJohar Nazm
260 _aAjmer:
_bSunder Sahitya;
_c1966.
300 _a64p.
942 _cBK
999 _c39965
_d39965